000
00198 a2200097 4500
001
6829
100
_a
Parvin, R H
245
_a
Inertial Navigation
260
_a
_b
Nostrand
_c
090
_c
5642
_d
5642
942
_a
NUST-CAE
_c
M
_c
32092
999
_c
241902
_d
241902